| 000 | 01137cad a22002175a 4500 | ||
|---|---|---|---|
| 001 | L139948 | ||
| 008 | 070822e20070821xxkd f s 000 0 eng d | ||
| 035 | _a(Sirsi) u139948 | ||
| 041 | 0 | _aeng | |
| 110 | 2 |
_aEurostat _91416 |
|
| 245 | 0 | 0 |
_aConstruction output up by 0.6% in the euro area _h[electronic resource] |
| 260 | _c2007 | ||
| 490 | 0 |
_aEurostat News Release _v(115/2007) 21 August 2007 |
|
| 520 | _aReveals that seasonally adjusted production in the construction sector increased by 0.6% in the euro area and by 0.5% in the EU27 area in June 2007, compared to May 2007. Compared to June 2006, output in June 2007 was up by 2.7% in the euro area and by 2% in the EU27. Tables show monthly, quarterly, and annual variation in construction output and monthly and quarterly production indices for total construction for individual member states. | ||
| 590 | _aKA | ||
| 650 | 2 | 4 | _aEUROSTAT MONTHLY CONSTRUCTION INDEX |
| 651 | 4 | _aEuropean Union | |
| 690 | _aBUILT ENVIRONMENT-CONSTRUCTION MARKET | ||
| 856 | 4 | 0 |
_uhttps://epp.eurostat.ec.europa.eu _zView the item free of charge at http://epp.eurostat.ec.europa.eu... |
| 942 | _n0 | ||
| 999 |
_c79143 _d79143 |
||